Bandiere del Sud America su Mappa - Statistics

Statistiche generali
  • Questo quiz è stato fatto 8.017 volte
  • Il punteggio medio è 8 su 12
Risposte nella Mappa
Le risposte nella mappa del quiz sottostante sono codificate secondo una scala di colori dal rosso al verde in base alla % di persone che hanno risposto correttamente.
 
Statistiche sulle risposte
Risposta % Corretto
97%
93%
85%
75%
72%
68%
62%
61%
60%
57%
56%
46%
Nessun quiz corrispondente trovato
Distribuzione punteggi
Percentuale di utenti per punteggio
Percentile per numero di risposta
I tuoi punteggi nel tempo
Non hai fatto questo quiz